Inventions
| Main Author: | |
|---|---|
| Format: | Book |
| Published: |
London :
Alligator Books Limited ,
2006
|
| Series: | Knowledge Masters
|
| Subjects: |
MARC
| LEADER | 00000cam a2200000 7i4500 | ||
|---|---|---|---|
| 001 | 0000107932 | ||
| 005 | 20070315.0 | ||
| 020 | |a 1842399047 | ||
| 090 | 0 | 0 | |a 500 |b OXL |
| 100 | 1 | |a Oxlade, Chris | |
| 245 | 1 | 0 | |a Inventions |c Chris Oxlade |
| 260 | |a London : |b Alligator Books Limited , |c 2006 | ||
| 300 | |a 32p. : |b ill. ; |c 29cm. | ||
| 490 | 0 | |a Knowledge Masters | |
| 650 | 0 | 0 | |a Inventions |x History |x Juvenile literature |
| 999 | |a 00198952 |b BUKU |c JUNIOR BOOKS |e PERPUSTAKAAN KOMUNITI PETALING JAYA | ||